Manju_Malayalam (Record no. 38153)

MARC details
000 -LEADER
fixed length control field 01441nam a22001697a 4500
082 ## - DEWEY DECIMAL CLASSIFICATION NUMBER
Classification number 920 VAS
100 ## - MAIN ENTRY--AUTHOR NAME
Personal name Vasudevan Nair M T
245 ## - TITLE STATEMENT
Title Manju_Malayalam
250 ## - EDITION STATEMENT
Edition statement 1
260 ## - PUBLICATION, DISTRIBUTION, ETC. (IMPRINT)
Name of publisher Current Books
Place of publication Thrissur
Year of publication 2025
300 ## - PHYSICAL DESCRIPTION
Number of Pages Number of pages : 80
520 ## - SUMMARY, ETC.
Summary, etc เดŽเด‚ เดŸเดฟ เดตเดพเดธเตเดฆเต‡เดตเดจเตโ€ เดจเดพเดฏเดฐเตเดŸเต† เดจเต‹เดตเดฒเตเด•เดณเดฟเดฒเตโ€ เดชเตเดฐเดฃเดฏเดธเต—เดจเตเดฆเดฐเตเดฏเด‚เด•เตŠเดฃเตเดŸเต เดถเตเดฐเดฆเตเดงเต‡เดฏเดฎเดพเดฏ เดจเต‹เดตเดฒเดพเดฃเต เดฎเดžเตเดžเต. เดชเตเดฐเดฃเดฏเดฎเดงเตเดฐเดตเตเด‚ เดตเดฟเดฐเดนเดตเต‡เดฆเดจเดฏเตเด‚ เด’เดฐเตเดชเต‹เดฒเต† เดชเด•เดฐเตเดจเตเดจ เด…เดจเตเดชเดฎเดพเดฏ เดจเต‹เดตเดฒเตโ€. เด•เดพเดคเตเดคเดฟเดฐเดฟเดชเตเดชเดพเดฃเต เดจเต‹เดตเดฒเดฟเดจเตเดฑเต† เดฎเต‚เดฒเดญเดพเดตเด‚. เดธเดžเตเดšเดพเดฐเดฟเดฏเตเด‚ เดธเดนเตƒเดฆเดฏเดจเตเดฎเดพเดฏ เดธเตเดงเต€เดฐเตโ€ เดฎเดฟเดถเตเดฐเดฏเตเด•เตเด•เตเดตเต‡เดฃเตเดŸเดฟเดฏเตเดณเตเดณ เดตเดฟเดฎเดฒเดฏเตเดŸเต† เด•เดพเดคเตเดคเดฟเดฐเดฟเดชเตเดชเต, เดชเดฟเดคเดพเดตเดฟเดจเดพเดฏเตเดณเตเดณ เดฌเตเดฆเตเดงเต เดŽเดจเตเดจ เดคเต‹เดฃเดฟเด•เตเด•เดพเดฐเดจเตเดฑเต† เด•เดพเดคเตเดคเดฟเดฐเดฟเดชเตเดชเต... เดตเดฐเตเด‚ เดตเดฐเดพเดคเดฟเดฐเดฟเด•เตเด•เดฟเดฒเตเดฒ เดŽเดจเตเดจ เดชเตเดฐเดคเต€เด•เตเดทเดฏเต‹เดŸเต† เด•เดพเดคเตเดคเดฟเดฐเดฟเด•เตเด•เตเดจเตเดจเดตเดฐเตเดŸเต† เดœเต€เดตเดฟเดคเดฎเดพเดฃเต เดฎเดžเตเดžเต.
546 ## - LANGUAGE NOTE
Language note Language : Malayalam
650 ## - SUBJECT ADDED ENTRY--TOPICAL TERM
Topical Term GEN
942 ## - ADDED ENTRY ELEMENTS (KOHA)
Koha item type Text Book
952 ## - LOCATION AND ITEM INFORMATION (KOHA)
Damaged status
Not for loan
Holdings
Withdrawn status Collection code Permanent Location Current Location Date acquired Source of acquisition Cost, normal purchase price Inventory number Full call number Accession Number Price effective from Koha item type
  GENERAL VAST Central Library VAST Central Library 28/11/2025 Minerva Books 140.00 90 920 VAS 38301 22/12/2025 Text Book